15 największych miast strefy czasowej UTC-07:00 - Statystyki

Ogólne statystyki
  • Ten quiz został rozwiązany 6 razy
  • Średni wynik to 6 z 15
Statystyki odpowiedzi
Liczba ludnośći Miasto % Poprawnych
711 463 Denver
100%
562 599 Albuquerque
80%
1 239 220 Calgary
80%
932 546 Edmonton
80%
1 624 569 Phoenix
80%
678 415 El Paso
60%
1 501 551 Ciudad Juárez
40%
543 242 Tucson
40%
464 474 Colorado Springs
20%
784 322 Hermosillo
20%
809 232 Chihuahua
0%
409 309 Ciudad Obregón
0%
605 304 Culiacán
0%
381 583 Mazatlán
0%
518 012 Mesa
0%
Nie znaleziono quizów pasujących do podanych kryteriów
Rozkład punktacji
Procent ludzi z każdym wynikiem
Percentyl według liczby udzielonych odpowiedzi
Twoja historia wyników
Nie rozwiązałeś tego quizu